| 000 | 00516nam a2200181Ia 4500 | ||
|---|---|---|---|
| 008 | 200115s9999 xx 000 0 und d | ||
| 100 | _aWarren, Katrina | ||
| 245 | _aHow to curb common bad habits/ | ||
| 245 | _cKatrina Warren | ||
| 260 | _bReader's Digest Asia | ||
| 260 | _c2019 | ||
| 300 | _aPages 18-19, September 2019 | ||
| 440 |
_aAsia Reader's Digest: My Coma Miracle Cyclist's Triumph after horror accident _v116:679 |
||
| 650 | _acat | ||
| 650 | _adog | ||
| 650 | _apet behaviour | ||
| 650 | _apets | ||
| 999 |
_c362929 _d362929 |
||